[Event "Illes Medes op 2nd"]
[Site "L'Estartit"]
[Date "2008.01.02"]
[Round "7"]
[White "Vuilleumier, Alexandre"]
[Black "Wong Castaneda, Arturo"]
[Result "1-0"]
[WhiteElo "2315"]
[BlackElo "2100"]
[PlyCount "89"]
[EventDate "2007.12.28"]
[EventType "swiss"]
[EventRounds "9"]
[EventCountry "ESP"]
[SourceTitle "CBM 122 Extra"]
[Source "ChessBase"]
[SourceDate "2008.03.04"]
[SourceVersion "1"]
[SourceVersionDate "2008.03.04"]
[SourceQuality "1"]

1. d4 Nf6 2. Nf3 e6 3. g3 d5 4. Bg2 c6 5. 0-0 Be7 6. c4 0-0 7. Qc2 Re8 8. b3 Nbd7 9. Bb2 Bf8 10. Nbd2 b6 11. e4 Bb7 12. e5 Nh5 13. Rfe1 c5 14. Rad1 Rc8 15. Qb1 g6 16. h4 a6 17. Ng5 h6 18. cxd5 hxg5 19. dxe6 Bxg2 20. exf7+ Kxf7 21. e6+ Rxe6 22. Rxe6 Ndf6 23. Rxf6+ Nxf6 24. Kxg2 Qd5+ 25. Kg1 gxh4 26. Nc4 hxg3 27. Ne5+ Ke6 28. Qxg6 gxf2+ 29. Kxf2 cxd4 30. Re1 Bb4 31. Qf7+ Kf5 32. Qg6+ Ke6 33. Re2 Rf8 34. Nc4+ Kd7 35. Nxb6+ Kc7 36. Nxd5+ Nxd5+ 37. Kg1 Ne3 38. Qg7+ Kc6 39. Rf2 Rxf2 40. Kxf2 Nd1+ 41. Ke2 Bc3 42. Bxc3 Nxc3+ 43. Kd3 Nxa2 44. Qxd4 Nc1+ 45. Kc2 1-0

[Event "Illes Medes op 2nd"]
[Site "L'Estartit"]
[Date "2007.12.29"]
[Round "3"]
[White "Hansen, Torbjorn Ringdal"]
[Black "Wong Castaneda, Arturo"]
[Result "1-0"]
[WhiteElo "2354"]
[BlackElo "2100"]
[PlyCount "61"]
[EventDate "2007.12.28"]
[EventType "swiss"]
[EventRounds "9"]
[EventCountry "ESP"]
[SourceTitle "CBM 122 Extra"]
[Source "ChessBase"]
[SourceDate "2008.03.04"]
[SourceVersion "1"]
[SourceVersionDate "2008.03.04"]
[SourceQuality "1"]

1. e4 e5 2. Nf3 d6 3. d4 exd4 4. Nxd4 Nf6 5. Nc3 Be7 6. g3 0-0 7. Bg2 Bd7 8. 0-0 Nc6 9. Nde2 Re8 10. h3 Bf8 11. g4 h6 12. Ng3 Rb8 13. Be3 a5 14. a4 Ne5 15. b3 c5 16. Nf5 Be6 17. Qd2 Qb6 18. Rad1 Rbd8 19. g5 Nxe4 20. Nxh6+ gxh6 21. Nxe4 hxg5 22. Bxg5 Bg7 23. Nf6+ Kf8 24. Nxe8 Rxe8 25. f4 c4+ 26. Kh1 Nc6 27. f5 Bc8 28. f6 Bh8 29. Bh6+ Kg8 30. Qg5+ Kh7 31. Bg7 1-0